ბათუმის შოთა რუსთაველის სახელმწიფო უნივერსიტეტის ბიბლიოთეკა

Система удобрения цитрусовых садов (ბიბ.ჩანაწერი № 35549)

000 -LEADER
fixed length control field 00551nam a2200205Ia 4500
001 - CONTROL NUMBER
control field 1410
003 - CONTROL NUMBER IDENTIFIER
control field GE_BSU
008 - FIXED-LENGTH DATA ELEMENTS--GENERAL INFORMATION
fixed length control field 181216s||||||||xx |||||||||||||| ||und||
040 ## - CATALOGING SOURCE
Transcribing agency GE_BSU
080 ## - UNIVERSAL DECIMAL CLASSIFICATION NUMBER
Universal Decimal Classification number 631.8
100 ## - MAIN ENTRY--PERSONAL NAME
Personal name Гамкрелидзе,И.Д;
245 ## - TITLE STATEMENT
Title Система удобрения цитрусовых садов
260 ## - PUBLICATION, DISTRIBUTION, ETC.
Place of publication, distribution, etc. Москва
260 ## - PUBLICATION, DISTRIBUTION, ETC.
Name of publisher, distributor, etc. Колос
260 ## - PUBLICATION, DISTRIBUTION, ETC.
Date of publication, distribution, etc. 1971
300 ## - PHYSICAL DESCRIPTION
Extent 215с. 19 см.
653 ## - INDEX TERM--UNCONTROLLED
Uncontrolled term Система Удобрения цитрусовых садов
942 ## - ADDED ENTRY ELEMENTS (KOHA)
Koha item type წიგნი
ეგზემპლარები
Withdrawn status Lost status Damaged status Not for loan Date acquired Barcode Date last seen Price effective from Koha item type
        2018-12-17 2864 2018-12-17 2018-12-17 წიგნი